Score 0/16 Timer 04:00
1 Play Today
Question Answer Wrong Answers
Bruce Wayne (Batman) Chris O'Donnell
89.6%
George Clooney
5.6%
Adam West
3.6%
Professor Albus Dumbledore (Harry Potter) Patrick Stewart
88.3%
Richard Harris
5.2%
Michael Gambon
6%
James Tiberius Kirk (Star Trek) Karl Urban
87.5%
William Shatner
2.6%
Chris Pine
7.3%
The Doctor (Doctor Who) Sean Connery
87.1%
David Tennant
3.5%
William Hartnell
5.2%
James Bond (James Bond) Michael Caine
86.7%
George Lazenby
6.5%
Timothy Dalton
3%
Clark Kent (Superman) John Shea
82.7%
Dean Cain
10.3%
Christopher Reeve
1.9%
Agent K (Men in Black) Luke Wilson
81.8%
Josh Brolin
11.7%
Tommy Lee Jones
2.5%
Bruce Banner (The Incredible Hulk) Tom Hardy
78.3%
Mark Ruffalo
7.3%
Edward Norton
9.7%
Sherlock Holmes (Sherlock Holmes) Martin Freeman
75.4%
Benedict Cumberbatch
3.3%
Sir Ian McKellen
19.6%
Hannibal Lecter (Hannibal Lecter franchise) Viggo Mortensen
75%
Mads Mikkelsen
19.1%
Anthony Hopkins
2.5%
John Connor (The Terminator) Shia LaBeouf
70.9%
Edward Furlong
9.3%
Thomas Dekker
15.2%
Anakin Skywalker/Darth Vader (Star Wars) Denis Lawson
68.2%
Hayden Christensen
6.6%
David Prowse
20.7%
Simon Templar (The Saint) Kurt Russell
61.1%
Roger Moore
21%
Val Kilmer
12.4%
Jack Ryan (Jack Ryan film series) Matt Damon
58.8%
Harrison Ford
16.4%
Ben Affleck
21.8%
Vito Corleone (The Godfather trilogy) Al Pacino
56.5%
Robert De Niro
28.2%
Marlon Brando
10.3%
Vlad Dracula (Dracula) Boris Karloff
41.7%
Gary Oldman
30.6%
Christopher Lee
22.5%
Remove Ads.
Support Sporcle.
Get the best of Sporcle when you Go Orange. This ad-free experience offers more features, more stats, and more fun while also helping to support Sporcle. Thank you for becoming a member.

You're not logged in!

Compare scores with friends on all Sporcle quizzes.
OR
Log In

Show Comments

Extras

Top Quizzes Today


Score Distribution

Your Account Isn't Verified!

In order to create a playlist on Sporcle, you need to verify the email address you used during registration. Go to your Sporcle Settings to finish the process.

Report this User

Report this user for behavior that violates our Community Guidelines.

Details: